000 00186 a2200097 4500
020 _a9780892968107
041 _aeng
100 _aMaron, Margaret
245 _aWinters child
942 _cBK
999 _c10182
_d10182